| 000 | 00567nam a2200241 a 4500 | ||
|---|---|---|---|
| 001 | nice12345678 | ||
| 003 | IN_TiNIC | ||
| 005 | 20260116011843.0 | ||
| 008 | 050524s1964 lona grp 000 0 eng | ||
| 020 |
_a _c100 |
||
| 082 | 0 | 0 |
_a922 _bSTR |
| 100 | _aStranks, C J | ||
| 245 | _aLife and Death of St.Cutbert | ||
| 260 |
_aLondon _bSpck _c1964 |
||
| 300 | _a47p | ||
| 500 | _aincludes index and biblioraphy | ||
| 505 | 2 | _aBibliography | |
| 650 | _aRamakrishnayya-Biography | ||
| 700 | 1 | _aStranks, C J | |
| 902 | _bSRS | ||
| 942 | _cBK | ||
| 999 |
_c4467 _d4467 |
||